000 00506nam a2200205Ia 4500
005 20140403085125.0
008 140130s9999 xx 000 0 und d
020 _a059094715x
050 _aPZ 7
_b.R994Go 1995
100 _aRylant, Cythia
_931339
245 _cCythia Rylant.
_aGooseberry Park /
260 _bScholastic,
_c1995.
_aUSA :
300 _a133 p. :
_bill. ;
_c23 cm.
440 _v1
_931174
521 _aG5
526 _c780
942 _cBK
_2lcc
999 _c41122
_d41122